Online
Catalog

Understanding college álgebra / (Record no. 10518)

MARC details
000 -CABECERA
campo de control de longitud fija 00822cam a22002531 4500
001 - NÚMERO DE CONTROL
campo de control 000010764
003 - IDENTIFICADOR DEL NÚMERO DE CONTROL
campo de control DO-SdBNP
005 - FECHA Y HORA DE LA ÚLTIMA TRANSACCIÓN
campo de control 20250626113449.0
008 - DATOS DE LONGITUD FIJA--INFORMACIÓN GENERAL
campo de control de longitud fija 720308s1954 xx 000 0 eng
010 ## - NÚMERO DE CONTROL DE LA BIBLIOTECA DEL CONGRESO
Número de control de LC 54009314
035 ## - NÚMERO DE CONTROL DEL SISTEMA
Número de control de sistema (OCoLC)258928
040 ## - FUENTE DE LA CATALOGACIÓN
Centro catalogador/agencia de origen DO-SdBNP
Lengua de catalogación spa
Centro/agencia transcriptor BNPHU
049 ## - FONDOS LOCALES (OCLC)
Fondos de biblioteca BNGR
082 ## - NÚMERO DE LA CLASIFICACIÓN DECIMAL DEWEY
Número de clasificación 512
Número de documento/Ítem S642u
100 1# - ENTRADA PRINCIPAL--NOMBRE DE PERSONA
Nombre de persona Smith, Edwin R.
Forma completa/desarrollada del nombre (Edwin Raymond),
Fechas asociadas al nombre b. 1879.
9 (RLIN) 25975
245 10 - MENCIÓN DE TÍTULO
Título Understanding college álgebra /
Mención de responsabilidad, etc. [by] Edwin R. Smith, Samuel Selby [and] Murray Kleiman.
260 ## - PUBLICACIÓN, DISTRIBUCIÓN, ETC.
Lugar de publicación, distribución, etc. New York, :
Nombre del editor, distribuidor, etc. Holt, Rinehart and Winston,
Fecha de publicación, distribución, etc. [1954].
300 ## - DESCRIPCIÓN FÍSICA
Extensión xvi, 573 p. :
Otras características físicas illus. ;
Dimensiones 23 cm.
650 #0 - PUNTO DE ACCESO ADICIONAL DE MATERIA--TÉRMINO DE MATERIA
Término de materia o nombre geográfico como elemento de entrada Álgebra
9 (RLIN) 25976
700 1# - PUNTO DE ACCESO ADICIONAL--NOMBRE DE PERSONA
Nombre de persona Selby, Samuel M.,
Fechas asociadas al nombre 1904-
Término indicativo de función/relación joint author.
9 (RLIN) 25977
700 1# - PUNTO DE ACCESO ADICIONAL--NOMBRE DE PERSONA
Nombre de persona Kleiman, Murray,
Término indicativo de función/relación joint author.
9 (RLIN) 25978
910 ## - DATOS DE OPCIÓN DEL USUARIO (OCLC)
Datos de opción del usuario Catalogación derivada
942 ## - ELEMENTOS DE PUNTO DE ACCESO ADICIONAL (KOHA)
Fuente del sistema de clasificación o colocación Dewey Decimal Classification
Tipo de ítem Koha Libro
Holdings
Estado de retiro Estado de pérdida Fuente del sistema de clasificación o colocación Restricciones de uso No para préstamo Código de colección Localización permanente Ubicación/localización actual Ubicación en estantería Fecha de adquisición Total de préstamos Signatura topográfica completa Código de barras Fecha visto por última vez Precio válido a partir de Tipo de ítem Koha
    Dewey Decimal Classification Préstamo en sala   General Biblioteca Nacional Pedro Henríquez Ureña Biblioteca Nacional Pedro Henríquez Ureña En catalogación 09.10.2009   BNPHU GR 512 S642u 10764-10 25.06.2020 25.06.2020 Libro

Powered by Koha